Metallurgy: Metal Manufacturing Facilities: учебное пособие

গ্রন্থ-পঞ্জীর বিবরন
প্রধান লেখক: Шканова О. С. Ольга Сергеевна
সংস্থা লেখক: Магнитогорский государственный технический университет им. Г. И. Носова (МГТУ)
সংক্ষিপ্ত:Учебное пособие подготовлено с целью ознакомления студентов химико-металлургического факультета с оборудованием и технологическими процессами металлургического производства. Целью пособия является развитие иноязычных компетенций и навыков профессионального общения. Материал расположен в порядке нарастания языковых и переводческих трудностей. Это даст студенту возможность постепенно совершенствовать навыки профессионального общения по данной теме. Пособие предназначено для студентов химико-металлургического факультета для совершенствования знаний по металлургическому производству.
ভাষা:ইংরেজি
প্রকাশিত: Магнитогорск, МГТУ, 2007
বিষয়গুলি:
বিন্যাস: MixedMaterials গ্রন্থ
KOHA link:https://koha.lib.tpu.ru/cgi-bin/koha/opac-detail.pl?biblionumber=164454

MARC

LEADER 00000nam0a2200000 4500
001 164454
005 20231031161248.0
010 |a 9785895148518 
035 |a (RuTPU)RU\TPU\book\178410 
090 |a 164454 
100 |a 20090907d2007 m y0rusy50 ca 
101 0 |a eng 
102 |a RU 
105 |a a j 001zy 
200 1 |a Metallurgy: Metal Manufacturing Facilities  |e учебное пособие  |f О. С. Шканова  |g Магнитогорский государственный технический университет им. Г. И. Носова (МГТУ) 
210 |a Магнитогорск  |c МГТУ  |d 2007 
215 |a 79 с.  |c ил. 
330 |a Учебное пособие подготовлено с целью ознакомления студентов химико-металлургического факультета с оборудованием и технологическими процессами металлургического производства. Целью пособия является развитие иноязычных компетенций и навыков профессионального общения. Материал расположен в порядке нарастания языковых и переводческих трудностей. Это даст студенту возможность постепенно совершенствовать навыки профессионального общения по данной теме. Пособие предназначено для студентов химико-металлургического факультета для совершенствования знаний по металлургическому производству. 
606 1 |a Английский язык  |x Учебные руководства и пособия  |x Хрестоматии, книги для чтения технические  |2 stltpush  |3 (RuTPU)RU\TPU\subj\29076 
610 1 |a лексика 
610 1 |a переводы 
610 1 |a металлургия 
610 1 |a металлургическое производство 
610 1 |a упражнения 
686 |a Ш143.21-923.81  |v LBC/SL-A  |2 rubbk 
700 1 |a Шканова  |b О. С.  |g Ольга Сергеевна 
712 0 2 |a Магнитогорский государственный технический университет им. Г. И. Носова (МГТУ)  |2 stltpush  |3 (RuTPU)RU\TPU\col\390 
801 1 |a RU  |b 63413507  |c 20090907 
801 2 |a RU  |b 63413507  |c 20091020  |g RCR 
942 |c BK